| 000 | 00920nam a22002537i 4500 | ||
|---|---|---|---|
| 999 |
_c22994 _d22994 |
||
| 003 | AR-CdUCM | ||
| 008 | 240822b20192019 pe||||| |||| 00| 0 spa d | ||
| 020 | _a978-612-46365-3-0 | ||
| 040 |
_aMUNICIPALIDAD PROVINCIAL DEL CUSCO _cBIBLIOTECA MUNICIPAL DEL CUSCO |
||
| 082 |
_a641.3 / M26 _bM26 |
||
| 100 |
_aMartínez, Malena. _950220 |
||
| 245 |
_aCatálogo Mater : _b30 especies para Central / |
||
| 260 |
_aLima : _bEDT editorial, _c2019 |
||
| 300 |
_a155 páginas. : _bIlustraciones a color, _c28 cm. |
||
| 505 | _aNosotros, los seres naturales -- Árbol filogenético -- Catálogo Mater | ||
| 650 |
_aAlimentos de Perú _950221 |
||
| 650 |
_aGastronomía peruana _950222 |
||
| 650 |
_aEspecies del Perú _950223 |
||
| 700 |
_aNúñez Noriega, Amanda [Ilustrador] _950224 |
||
| 700 |
_aMartínez Virgilio _950225 |
||
| 700 |
_aJulio Rivera Castillo _950226 |
||
| 942 |
_2ddc _cLIBROS |
||
| 945 |
_apbj _d2024-08-22 |
||